Statistics for New Jersey Beaches

Click here to take the quiz!

General Stats

  • This quiz has been taken 11 times
  • The average score is 15 of 33

Answer Stats

Answer% Correct
Point Pleasant Beach
73%
Asbury Park
64%
Atlantic City
64%
Cape May
64%
Sea Isle City
64%
Seaside Heights
64%
Spring Lake
64%
Wildwood
64%
Wildwood Crest
64%
Avalon
55%
Belmar
55%
Long Beach
55%
North Wildwood
55%
Seaside Park
55%
Brigantine
45%
Long Branch
45%
Manasquan
45%
Margate City
45%
Ocean City
45%
Sandy Hook
45%
Atlantic Highlands
36%
Bay Head
36%
Beach Haven
36%
Bradley Beach
36%
Lavallette
36%
Mantoloking
36%
Surf City
36%
Ventnor City
36%
Barnegat Light
27%
Harvey Cedars
27%
Ship Bottom
27%
Stone Harbour
27%
Longport
18%

Score Distribution

Percentile by Number Answered

Percent of People with Each Score

Your Score History

You have not taken this quiz